00691nam a2200169 a 4500003000200000005001700002008004100019050002700060100002900087245012000116260009000236300002300326504004100349650006300390650004000453650002800493020250429112942.0050808s19uu xx 00 eng d aPHS LB 3098b.C53 2005 aClareza, Kathleen May O. aComparative study on the students' perception on the performance of the student council /cKathleen May O. Clareza. aLas Piñas City, Philippines :bSouthville International School and Colleges,c2005. a30 pages ;c28 cm. aIncludes bibliographical references. 2Library of Congress Subject Headings aStudent government. aSchool management and organization. aEducational leadership.